000 00955cam a2200253 4500
001 B2256
008 090401t1989 xxu||||| |||| 00| 0 eng d
035 _a(Sirsi) u48972
041 _aeng
050 _a658.2
090 _aRICS 1989/16 A
110 _aInstitution and College Conferences
_92330
245 _aYou and your property:house of horrors or tunnel of love? Effective Management of office property. 16 February 1989, The Barbican Centre, London
260 _aLondon
_bInstitution and College Conferences
_c1989
300 _a2 papers ; 3 other items.
350 _a0
520 _aPapers by Hilton,Clive and Homer,Rod . Part of a 3-day event Property Business Show . Includes synopsies of other papers,programme and notes on speakers.
650 _aCONFERENCE
650 _aFACILITIES MANAGEMENT
_96240
650 _aMANAGEMENT-BUSINESS MANAGEMENT-INFORMATION MANAGEMENT
650 _aOFFICES
942 _n0
948 _c04/03/1997
999 _c92449
_d92449